Statistics for Gone - NF & Julia Michaels (Lyrics)

Click here to take the quiz!

General Stats

  • This quiz has been taken 9 times
  • The average score is 277 of 358

Answer Stats

Lyrics% Correct
a
100%
Verse 1: NFAlways
100%
always
100%
and
100%
And
100%
Did
100%
did
100%
empty,
100%
full
100%
glass
100%
Half
100%
have
100%
I
100%
it
100%
It
100%
my
100%
never
100%
was
100%
we
100%
We
100%
were
100%
When
100%
where
100%
ya
100%
you,
100%
You
100%
you
100%
as
86%
best
86%
but
86%
But
86%
do
86%
(Don't
86%
don't
86%
Don't
86%
find
86%
glad
86%
go
86%
gone
86%
happy
86%
Holdin'
86%
holdin'
86%
Hope
86%
hope
86%
I'm
86%
it's
86%
(It's
86%
keep
86%
late)
86%
late
86%
love
86%
love,
86%
make
86%
me
86%
of
86%
on
86%
out
86%
passive
86%
planned
86%
pray
86%
pray,
86%
sad
86%
saw
86%
Sometimes,
86%
somewhere
86%
The
86%
the
86%
there
86%
think
86%
To
86%
to
86%
too
86%
wait),
86%
wait
86%
wait,
86%
way
86%
who
86%
whole
86%
Young,
86%
young
86%
your
86%
yourself
86%
all
71%
Already
71%
already
71%
been
71%
bein'
71%
blame
71%
chance
71%
clue
71%
could
71%
Didn't
71%
else
71%
ended
71%
enough
71%
ever
71%
first
71%
for
71%
Guess
71%
if
71%
is,
71%
just
71%
know
71%
left
71%
let
71%
life
71%
luck
71%
makes
71%
night
71%
no
71%
one?
71%
our
71%
past
71%
scared
71%
someday
71%
Somehow,
71%
someone
71%
someway
71%
stay
71%
stayed
71%
that
71%
things
71%
traumas
71%
up
71%
us
71%
wasn't
71%
With
71%
with
71%
would
71%
yeah)
71%
Yeah-
71%
yeah,
71%
(Yeah,
71%
Yeah,
71%
yeah
71%
you're
71%
both
57%
breakin'
57%
Broken
57%
caught
57%
down
57%
dumb
57%
false
57%
had
57%
Had
57%
had,
57%
Hearts
57%
holding
57%
in
57%
irresponsible
57%
knew
57%
now
57%
Ooh,
57%
Ooh
57%
ooh)
57%
ooh,
57%
Pre-Chorus: Both | Pre-Chorus: NF(Ooh-
57%
right,
57%
truth
57%
weren't
57%
Wonder
57%
would've
57%
at
43%
could've
43%
done
43%
Gave
43%
gave
43%
guessin'
43%
much
43%
resentin'
43%
Second
43%
should've
43%
carpal
29%
Got
29%
once
29%
true
29%
tunnel
29%
what
29%
while,
29%
about
14%
am
14%
felt
14%
from
14%
get
14%
wrong,
14%

Score Distribution

Percentile by Number Answered

Percent of People with Each Score

Your Score History

You have not taken this quiz